000 00418nam a2200145Ia 4500
008 231129s2001||||xx |||||||||||||| ||spa||
020 _a958-9393-92-6
040 _bspa
082 _a927.8 S478n
100 _aSenn Martha
245 0 _aNotas sin pentagrama: fragmentos autobiográficos
260 _c2001
264 _aBogotá Colombia : Villegas editores
942 _2ddc
_cBKS
999 _c21794
_d21794